000
00306nam a22001457a 4500
008
210428b ||||| |||| 00| 0 eng d
020
_a
2900435085710
041
_a
eng
080
_a
7
082
_a
7
100
_a
45
101
_a
ART
245
_a
From Play to Art
_c
George Szekely
942
_2
udc
_c
BK
999
_c
56906
_d
56906